|
|
|
|
| LEADER |
00000nam a2200000Ii 4500 |
| 001 |
DIGUCAUCA0023 |
| 003 |
NyNyDIG |
| 008 |
191129s2018 ck a o 000 0 spa d |
| 006 |
m o d |
| 007 |
cr ||||||||||| |
| 035 |
|
|
|a (OCoLC)1120711678
|
| 040 |
|
|
|a DGITA
|b eng
|e rda
|e pn
|c DGITA
|
| 020 |
|
|
|z 9789587323313
|
| 020 |
|
|
|z 9587323319
|
| 043 |
|
|
|a s-ck---
|
| 050 |
1 |
4 |
|a TX716.C7 ebook
|
| 082 |
0 |
4 |
|a 641.59861
|
| 245 |
0 |
0 |
|a Platos de las abuelas :
|b cocina tradicional de Popayán /
|c Juan Jacobo Muñoz, compilador ; comentarios de Carlos Humberto Illera ; ilustraciones de Álvaro Garzón.
|
| 264 |
|
1 |
|a Popayán, Colombia :
|b Editorial Universidad del Cauca,
|c [2018]
|
| 300 |
|
|
|a 1 online resource :
|b illustrations.
|
| 336 |
|
|
|a text
|2 rdacontent
|
| 337 |
|
|
|a computer
|b c
|2 rdamedia
|
| 338 |
|
|
|a online resource
|b cr
|2 rdacarrier
|
| 347 |
|
|
|a text file
|2 rdaft
|
| 347 |
|
|
|b PDF
|
| 500 |
|
|
|a "Corporación Gastronómica de Popayán."
|
| 588 |
0 |
|
|a Online resource; title from PDF title page (Digitalia, viewed December 2, 2019)
|
| 650 |
|
0 |
|a Cooking, Colombian.
|
| 650 |
|
0 |
|a Cooking
|z Colombia
|z Popayán.
|
| 655 |
|
0 |
|a Electronic books.
|
| 700 |
1 |
|
|a Muñoz Delgado, Juan Jacobo,
|e compiler.
|
| 700 |
1 |
|
|a Illera, Carlos Humberto,
|e contributor agent of text.
|
| 700 |
1 |
|
|a Garzón, Álvaro,
|e illustrator.
|
| 791 |
2 |
|
|a Digitalia (Firm),
|e distributor.
|
| 793 |
0 |
|
|g Digitalia eBook Collection:
|a Editorial Universidad del Cauca
|
| 776 |
0 |
8 |
|i Print version:
|t Platos de las abuelas.
|b Tercera edición en español.
|d Popayán, Colombia : Editorial Universidad del Cauca, 2018
|z 9789587323313
|w (OCoLC)1122615339
|
| 856 |
4 |
0 |
|3 Digitalia Hispánica
|u https://www.digitaliapublishing.com/a/60621/
|
| 910 |
|
|
|a Premium collection: 2020
|